| 000 | 00688nam a2200229Ia 4500 | ||
|---|---|---|---|
| 001 | 0000-6445 | ||
| 003 | ELIB.Books | ||
| 005 | 20230516141554.0 | ||
| 008 | 180526 2010 eng | ||
| 040 | _cSSBUL | ||
| 082 | _a020 | ||
| 245 | 0 | 0 |
_aInformation and libraries in the developing world 2 : _bSouth-East Asia and China / _ccompiled and edited by Anthony Olden and Michael Wise. |
| 260 |
_aLondon : _bLibrary Association Publishing, _c1993 |
||
| 300 |
_axix,249p _bmaps _c23cm |
||
| 500 | _aIncludes index | ||
| 650 |
_aLibrary and Information Science _918120 |
||
| 650 | _aLibraries | ||
| 700 | 1 | 0 |
_aOlden, Anthony _923900 |
| 700 | 1 | 0 |
_aWise, Michael _923901 |
| 942 | _cBK1 | ||
| 942 |
_mIn _2ddc |
||
| 999 |
_c24446 _d24446 |
||